Building strategic relationships : (Record no. 345382)

000 -LEADER
fixed length control field 02119 a2200253 4500
020 ## - INTERNATIONAL STANDARD BOOK NUMBER
International Standard Book Number 0787900923
020 ## - INTERNATIONAL STANDARD BOOK NUMBER
International Standard Book Number 9780787900922
082 04 - DEWEY DECIMAL CLASSIFICATION NUMBER
Classification number 658.044
090 ## - LOCALLY ASSIGNED LC-TYPE CALL NUMBER (OCLC); LOCAL CALL NUMBER (RLIN)
-- 2892
-- 2892
100 1# - MAIN ENTRY--PERSONAL NAME
Personal name Bergquist, William H.
245 10 - TITLE STATEMENT
Title Building strategic relationships :
Remainder of title how to extend your organization's reach through partnerships, alliances, and joint ventures /
Statement of responsibility, etc. William H. Bergquist.
250 ## - EDITION STATEMENT
Edition statement 1st ed.
260 ## - PUBLICATION, DISTRIBUTION, ETC.
Place of publication, distribution, etc. [S.l.] :
Name of publisher, distributor, etc. Jossey-Bass,
Date of publication, distribution, etc. 1995.
300 ## - PHYSICAL DESCRIPTION
Extent 272 p. ;
Dimensions 24 cm.
490 1# - SERIES STATEMENT
Series statement Jossey bass business and management series.
500 ## - GENERAL NOTE
General note Hardcover.
520 ## - SUMMARY, ETC.
Summary, etc. Few organizations can afford all the specialized expertise and technology they need to respond nimbly to emerging needs, regardless of the type of clients they serve. As market demands grow increasingly complex and resources are strained, strategic alliances and joint ventures are becoming business as usual--not only within business sectors, but between them as well. When these alliances succeed, they open up whole new worlds for the participating partners: new products and services, new markets, access to resources, smarter ways of doing things. Building Strategic Relationships shows how successful alliances are launched, developed, and concluded--within the corporate world and between corporate entities and government or nonprofit institutions. The authors draw from more than two hundred interviews and seventy-five case studies of varied partnerships--including a customer-supplier alliance between a newspaper publisher and a newsprint supplier, a joint venture between a school district and a major accounting firm, and others--to provide perspective, guidance, and detailed case examples that will help progressive partners achieve their goals in all phases of partnership.
700 1# - ADDED ENTRY--PERSONAL NAME
Personal name Betwee, Juli.
700 1# - ADDED ENTRY--PERSONAL NAME
Personal name Meuel, David.
830 #0 - SERIES ADDED ENTRY--UNIFORM TITLE
Uniform title Jossey bass business and management series.
856 40 - ELECTRONIC LOCATION AND ACCESS
Materials specified Amazon.com
Uniform Resource Identifier <a href="http://www.amazon.com/exec/obidos/ASIN/0787900923/chopaconline-20">http://www.amazon.com/exec/obidos/ASIN/0787900923/chopaconline-20</a>
856 40 - ELECTRONIC LOCATION AND ACCESS
Materials specified Amazon customer reviews
Uniform Resource Identifier <a href="http://www.chopac.org/cgi-bin/tools/azrev.pl?q=0787900923">http://www.chopac.org/cgi-bin/tools/azrev.pl?q=0787900923</a>
942 ## - ADDED ENTRY ELEMENTS (KOHA)
Institution code [OBSOLETE] NBS
Koha item type Book
Call number prefix 658.044 BER
Holdings
Withdrawn status Lost status Damaged status Not for loan Permanent Location Current Location Date acquired Total Checkouts Full call number Barcode Date last seen Date last checked out Price effective from Koha item type
        Central Library (CL) Central Library (CL) 08/28/2013 1 658.044 BER NBS111 07/06/2017 07/06/2017 08/28/2013 Book
© 2023 Central Library, National University of Sciences and Technology. All Rights Reserved.